000 00540nam a2200217Ia 4500
003 OSt
005 20220928140159.0
006 a|||||r|||| 00| 0
007 ta
008 220927b |||||||| |||| 00| 0 eng d
024 _a7317
037 _cTextual
040 _aSDCL
_cSDCL
_beng
041 _2eng
_aeng
082 _aD6,8(B), M1
100 _aMetzger Philip W
_9494475
245 0 _aManaging a programming project
260 _c1981
942 _hD6,8(B), M1
_cTEXL
_2CC
999 _c810402
_d810402